000 01004nam a2200313 a 4500
001 000026776
003 DO-SdBNP
005 20240419103710.0
008 240419s1995 dr ab d 000 0 spa d
040 _aDO-SdBNP
_bspa
_cBNPHU
_erda
049 _aBNPD
082 _bR977d
_222
100 1 _aRutinel Domínguez, José Ulises
_eautor
_936435
245 1 0 _aDiccionario histórico dominicano /
_cJosé Ulises Rutinel Domínguez, Dario de León.
250 _a2da. edición
260 _c1986.
264 _aSanto Domingo :
_bServicios Estudiantiles Naha,
_c1995
300 _a365 paginas :
_bilustraciones., mapas. ;
_c21 cm.
336 _2rdacontent
_atexto
_btxt
337 _2rdamedia
_asin mediación
_bn
338 _2rdacarrier
_avolumen
_bnc
590 _aInventariado, 2024 / DG
651 4 _aRepública Dominicana
_xHistoria
_vDICCIONARIOS
_953884
700 1 2 _aLeón, Dario de
_953885
830 _953886
830 0 _aHistoria y sociedad
_n69
_953887
910 _aDG
942 _2ddc
_cLBS1
999 _c56466
_d56466